000 00261nam a22000977a 4500
999 _c11703
_d11703
008 200110b ||||| |||| 00| 0 eng d
020 _a9780439895033
100 _aOsborne Pope Mary
_97376
245 _aCarnival at Candlelight
260 _aNew York
_bScholastic
_c2006